Welcome to the Holygrace Academy Library

Please use search bar below to get started

HARRY POTTER (Record no. 3804)

MARC details
000 -LEADER
fixed length control field 00552nam a22001457a 4500
020 ## - INTERNATIONAL STANDARD BOOK NUMBER
ISBN 978-1-4088-5571-3
082 ## - DEWEY DECIMAL CLASSIFICATION NUMBER
Classification number 823
Item number ROW/H
100 ## - MAIN ENTRY--AUTHOR NAME
Personal name ROWLING, J K
245 ## - TITLE STATEMENT
Title HARRY POTTER
Remainder of title AND THE DEATHLY HALLOWS
260 ## - PUBLICATION, DISTRIBUTION, ETC. (IMPRINT)
Place of publication LONDON
Name of publisher BLOOMSBURY
Year of publication 2014
300 ## - PHYSICAL DESCRIPTION
Number of Pages 619
520 ## - SUMMARY, ETC.
Summary, etc The Deathly Hallows is about Harry Potter and his friends finding ways to destroy Voldemort. They learn that even good contains a bit of evil, and vise versa. Even though the trio faces many difficulties, they persevere.
650 ## - SUBJECT ADDED ENTRY--TOPICAL TERM
Topical Term NOVEL
Geographic subdivision UNITED KINGDOM
942 ## - ADDED ENTRY ELEMENTS (KOHA)
Koha item type Books
Holdings
Withdrawn status Lost status Collection code Home library Current library Shelving location Date acquired Source of acquisition Full call number Accession Number Koha item type
    Fiction Main Library Main Library SHELF-14-K- ALPHABETICAL- R --ENGLISH NOVELS & FICTIONS 02/06/2018 purchase 823 ROW/H 10221 Books
    Fiction Main Library Main Library SHELF-14-K- ALPHABETICAL- R --ENGLISH NOVELS & FICTIONS 15/06/2009 purchase 823 ROW/H 04845 Books
    Fiction Main Library Main Library NEW SHELF WITH NEW ENTRY 22/12/2023 purchase 823 ROW/H 13530 Books